LEADER 03704nam 22006135 450 001 9910300183503321 005 20200629150639.0 010 $a3-319-09537-4 024 7 $a10.1007/978-3-319-09537-0 035 $a(CKB)3710000000251966 035 $a(EBL)1966924 035 $a(OCoLC)908086400 035 $a(SSID)ssj0001372716 035 $a(PQKBManifestationID)11780034 035 $a(PQKBTitleCode)TC0001372716 035 $a(PQKBWorkID)11305243 035 $a(PQKB)11520395 035 $a(DE-He213)978-3-319-09537-0 035 $a(MiAaPQ)EBC1966924 035 $a(PPN)182096181 035 $a(EXLCZ)993710000000251966 100 $a20141006d2015 u| 0 101 0 $aeng 135 $aur|n|---||||| 181 $ctxt 182 $cc 183 $acr 200 10$aNeuropsychiatric Symptoms of Movement Disorders /$fedited by Heinz Reichmann 205 $a1st ed. 2015. 210 1$aCham :$cSpringer International Publishing :$cImprint: Springer,$d2015. 215 $a1 online resource (306 p.) 225 1 $aNeuropsychiatric Symptoms of Neurological Disease,$x2196-2898 300 $aDescription based upon print version of record. 311 $a3-319-09536-6 320 $aIncludes bibliographical references and index. 327 $aDepression, Apathy, Anhedonia, Fatigue in Parkinson?s Disease -- Mild Cognitive Impairment in Parkinson?s Disease -- Parkinson?s Disease Dementia -- Impulse Control Disorders -- Influence of Dietary Constituents on Motor and Non-Motor Symptoms in Parkinson?s Disease -- Psychosis in Parkinson?s Disease -- Neuropsychiatric Manifestations in Atypical Parkinsonian Syndromes -- Neuropsychiatric Disturbances in Dystonia -- Depression in Huntington?s Disease -- Cognitive Impairment and Dementia (Mild or Major Neurocognitive Disorder) in Huntington?s Disease -- Tics -- Wilson?s Disease -- Ataxia. 330 $aThis is an up-to-date, comprehensive review of the neuropsychiatry of patients with movement disorders, i.e. Parkinson?s disease, Huntington?s disease, dystonia and others, by active authorities in the field, with an emphasis on diagnostic and management issues.  This book includes critical appraisal of the methodological aspects and limitations of the current research on the neuropsychiatry of movement disorders and on unanswered questions/controversies. Symptomatology and pharmacological aspects of management are discussed, to provide robust information on drug dosages, side effects and interaction, in order to enable the reader to manage these patients more safely. Illustrative cases provide real life scenarios that are clinically relevant and engaging to read.  Neuropsychiatric Symptoms of Movement Disorders is aimed at neurologists, movement disorder specialists and psychiatrists, and will also be of interest to intensive care doctors, psychologists and neuropsychologists, research and specialist nurses, clinical researchers and methodologists. 410 0$aNeuropsychiatric Symptoms of Neurological Disease,$x2196-2898 606 $aNeurology 606 $aPsychiatry 606 $aNeurology$3https://scigraph.springernature.com/ontologies/product-market-codes/H36001 606 $aPsychiatry$3https://scigraph.springernature.com/ontologies/product-market-codes/H53003 615 0$aNeurology. 615 0$aPsychiatry. 615 14$aNeurology. 615 24$aPsychiatry. 676 $a610 676 $a616.8 676 $a616.89 702 $aReichmann$b Heinz$4edt$4http://id.loc.gov/vocabulary/relators/edt 906 $aBOOK 912 $a9910300183503321 996 $aNeuropsychiatric Symptoms of Movement Disorders$91866847 997 $aUNINA